Oscar Best Pictures Quiz (1980-2023) - Statistics

General Stats
  • This quiz has been taken 117 times
  • The average score is 22 of 44
Answer Stats
Year Best Picture % Correct
2019 Parasite
68%
2017 The Shape of Water
64%
1997 Titanic
64%
2022 Everything Everywhere All at Once
61%
1994 Forrest Gump
61%
2016 Moonlight
61%
2021 CODA
57%
2020 Nomadland
57%
2023 Oppenheimer
57%
2012 Argo
54%
2000 Gladiator
54%
2018 Green Book
54%
1986 Platoon
54%
1993 Schindler's List
54%
1998 Shakespeare in Love
54%
2008 Slumdog Millionaire
54%
2011 The Artist
54%
2003 The Lord of the Rings: The Return of the King
54%
2013 12 Years a Slave
50%
2007 No Country for Old Men
50%
1980 Ordinary People
50%
2006 The Departed
50%
2010 The King's Speech
50%
2001 A Beautiful Mind
46%
1999 American Beauty
46%
2014 Birdman
46%
1995 Braveheart
46%
1981 Chariots of Fire
46%
2002 Chicago
46%
2005 Crash
46%
1990 Dances with Wolves
46%
1985 Out of Africa
46%
1984 Amadeus
43%
1989 Driving Miss Daisy
43%
1988 Rain Man
43%
2015 Spotlight
43%
1983 Terms of Endearment
43%
2009 The Hurt Locker
43%
1992 Unforgiven
43%
1982 Gandhi
39%
1996 The English Patient
39%
1991 The Silence of the Lambs
39%
1987 The Last Emperor
36%
2004 Million Dollar Baby
32%
No matching quizzes found
Score Distribution
Percent of People with Each Score
Percentile by Number Answered
Your Score History
You have not taken this quiz